000 nam a22 c 4500
999 _c196978
_d196978
003 BLK
005 20200827120004.0
008 180411b bul|||||r ||||||| ||bul||
010 _aKNG00206253000
020 _a978-954-07-4193-2
040 _aBLK
041 _aBUL
_cBUL
072 7 _2bullib
_aН50
_xЕстествени науки. Математика и др. Н
080 _aТеория на числата - Проблеми на аналитичната, адитивна и др. теории на числата, полета на алгебраичните числа, геометрия на числата и др. Изчислителна математика вж 519.6
_b511
_x(075.8)
_z511(075.8)
100 1 _aТолев, Дойчин Иванов
_eпърви автор
_9347621
139 _aТолев, Дойчин Иванов
_bТ 66
245 1 0 _aЛекции по елементарна и аналитична теория на числата
_bТ. 1 - 2
_cДойчин Иванов Толев; ред. на том Живко Петров.
_nТ. 1
257 _aBGR
260 _aСофия
_c2016 -
_9209716
_bУнив. изд. Св. Климент Охридски
300 _c29 см
380 _a5
650 4 _aЧисла - теория - учебници за ВУЗ
_9254391
653 _aчисла
653 _aпрости числа
653 _aметоди
653 _aзадачи
659 _aН
700 1 _aПетров, Живко
_eред. на том
_9347622
760 1 _aТолев, Дойчин Иванов
_dУнив. изд. Климент Охридски, 2016
_h350 с.
_nИмето на ред. отбелязано в изд. каре
_tТ. 1
852 _aЦб ІІ 21760
856 4 _qpdf
856 4 _qpdf
942 _cKNG
_n0
_01
_s1
944 _aCR
_c16.05.2017
_kВиолета_Тройчева
944 _aED
_c27.06.2017
_kГрета_Цуфелде
999 _d196978
999 _d196978
999 _d196978
999 _d196978
999 _d196978